<?xml version="1.0" encoding="UTF-8"?>
<record
    xmlns:xsi="http://www.w3.org/2001/XMLSchema-instance"
    xsi:schemaLocation="http://www.loc.gov/MARC21/slim http://www.loc.gov/standards/marcxml/schema/MARC21slim.xsd"
    xmlns="http://www.loc.gov/MARC21/slim">

  <leader>01746nam a2200205 a 4500</leader>
  <controlfield tag="008">190917e1995    ag  |||g |||| 001 0 spa d</controlfield>
  <datafield tag="020" ind1=" " ind2=" ">
    <subfield code="a">9500710056</subfield>
  </datafield>
  <datafield tag="041" ind1=" " ind2=" ">
    <subfield code="a">spa</subfield>
  </datafield>
  <datafield tag="092" ind1=" " ind2=" ">
    <subfield code="c">808</subfield>
    <subfield code="l">15</subfield>
    <subfield code="s">DAR</subfield>
  </datafield>
  <datafield tag="100" ind1="1" ind2=" ">
    <subfield code="a">Darne, Alain</subfield>
    <subfield code="9">3470</subfield>
  </datafield>
  <datafield tag="245" ind1=" " ind2=" ">
    <subfield code="a">Diario de Ner&#xF3;n /</subfield>
    <subfield code="c">Alain Darne</subfield>
  </datafield>
  <datafield tag="250" ind1=" " ind2=" ">
    <subfield code="a">1a ed.</subfield>
    <subfield code="b">Traducci&#xF3;n Manue Pereira</subfield>
  </datafield>
  <datafield tag="260" ind1=" " ind2=" ">
    <subfield code="a">Buenos Aires:</subfield>
    <subfield code="b">Sudamericana;</subfield>
    <subfield code="c">1995.</subfield>
  </datafield>
  <datafield tag="300" ind1=" " ind2=" ">
    <subfield code="a">411 p.</subfield>
  </datafield>
  <datafield tag="500" ind1=" " ind2=" ">
    <subfield code="a">Darne, A. (1995). Diario de Ner&#xF3;n. (1a ed.). Buenos Aires : Sudamericana.</subfield>
  </datafield>
  <datafield tag="505" ind1=" " ind2=" ">
    <subfield code="a">Esta reconstrucci&#xF3;n novelesca del diario de Ner&#xF3;n es una oportuna reivindicaci&#xF3;n de una de las figuras m&#xE1;s pol&#xE9;micas y denostadas del Imperio Romano. Bas&#xE1;ndose en las fuentes mejor documentadas, el autor recrea fielmente un trozo de la historia de Roma: el terremoto que destruy&#xF3; Pompeya, las guerras y sublevaciones en las colonias, la conspiraci&#xF3;n de Pis&#xF3;n, la persecuci&#xF3;n de los cristianos...a trav&#xE9;s de los ojos de un testigo de excepci&#xF3;n, cuya personalidad es puesta de manifiesto, emerge as&#xED; el Ner&#xF3;n artista empe&#xF1;ado en levantar el Imperio de la Belleza, para lo cual no duda en creerse dos veces m&#xE1;s sabio que su maestro S&#xE9;neca, el Ner&#xF3;n que no se cree un elegido de los dioses, sino un dios. Este libro viene a ser la venganza p&#xF3;stuma contra todos aquellos que osaron criticar sus decisiones pol&#xED;ticas y burlarse de su talento art&#xED;stico. Es una obra, cuya calidad po&#xE9;tica y profundidad en sus reflexiones rozan Las memorias de Adriano de Marguerite Yourcenar. Alain Darne da la palabra al gran acusado de la Historia, incluso para que diga sus mentiras. Es el turno del ofendido. </subfield>
  </datafield>
  <datafield tag="590" ind1=" " ind2=" ">
    <subfield code="a"> Proyecto 4to libro, Donaci&#xF3;n Maria Vitarelli, Diciembre 2017</subfield>
  </datafield>
  <datafield tag="655" ind1=" " ind2=" ">
    <subfield code="a">Literatura</subfield>
    <subfield code="9">2917</subfield>
  </datafield>
  <datafield tag="942" ind1=" " ind2=" ">
    <subfield code="2">ddc</subfield>
    <subfield code="c">LIT</subfield>
  </datafield>
  <datafield tag="999" ind1=" " ind2=" ">
    <subfield code="c">2621</subfield>
    <subfield code="d">2621</subfield>
  </datafield>
  <datafield tag="952" ind1=" " ind2=" ">
    <subfield code="0">0</subfield>
    <subfield code="1">0</subfield>
    <subfield code="2">ddc</subfield>
    <subfield code="4">0</subfield>
    <subfield code="7">0</subfield>
    <subfield code="a">BFM</subfield>
    <subfield code="b">BFM</subfield>
    <subfield code="c">CR</subfield>
    <subfield code="d">2017-12-27</subfield>
    <subfield code="e">Donaci&#xF3;n Maria Vitarelli, Diciembre 2017</subfield>
    <subfield code="l">0</subfield>
    <subfield code="o">808.8 15 DAR</subfield>
    <subfield code="p">4127</subfield>
    <subfield code="r">2017-12-27</subfield>
    <subfield code="t">Ej. 1</subfield>
    <subfield code="w">2017-12-27</subfield>
    <subfield code="y">LIT</subfield>
    <subfield code="z">Proyecto 4to libro. Donaci&#xF3;n Maria Vitarelli, Diciembre 2017</subfield>
  </datafield>
</record>
